书目信息 |
| 题名: |
管理科学基础
|
|
| 作者: | 严智渊 编 | |
| 分册: | ||
| 出版信息: | 上海 上海科学技术文献出版社 1982.09 |
|
| 页数: | 220页 | |
| 开本: | 19cm | |
| 丛书名: | ||
| 单 册: | ||
| 中图分类: | C93 | |
| 科图分类: | ||
| 主题词: | 管理学 | |
| 电子资源: | ||
| ISBN: | ||
| 000 | 00545nam0 2200205 45 | |
| 001 | 0312250683 | |
| 005 | 20060105150054.60 | |
| 010 | @dCNY0.87 | |
| 091 | @a17192.39 | |
| 100 | @a20031225d1982 km y0chiy0120 ea | |
| 101 | 0 | @achi |
| 105 | @aa z 000yy | |
| 200 | 1 | @a管理科学基础@AGuan Li Ke Xue Ji Chu@f严智渊编@FYan Zhi Yuan Bian |
| 210 | @a上海@c上海科学技术文献出版社@d1982.09 | |
| 215 | @a220页@c图表@d19cm | |
| 606 | 0 | @a管理学 |
| 690 | @aC93@v3 | |
| 701 | 0 | @a严智渊@4编 |
| 801 | @aCN@bPftUser@c20060105 | |
| 905 | @dC93@e1@f1@b123368 | |
| 管理科学基础/严智渊编.-上海:上海科学技术文献出版社,1982.09 |
| 220页:图表;19cm |
| ISBN :CNY0.87 |
| ● |
| 相关链接 |
|
|
|
|
正题名:管理科学基础
索取号:C93/1
 
预约/预借
| 序号 | 登录号 | 条形码 | 馆藏地/架位号 | 状态 | 备注 |
| 1 | 0103636 | 001864334 | 密集书库/ [索取号:C93/1] | 在馆 | |
| 2 | 0103637 | 202186213 | 密集书库/ [索取号:C93/1] | 在馆 | |
| 3 | 0123366 | 202186847 | 密集书库/ [索取号:C93/1] | 在馆 | |
| 4 | 0123367 | 202186801 | 密集书库/ [索取号:C93/1] | 在馆 | |
| 5 | 0123368 | 001023350 | 第一样本阅览室/ [索取号:C93/1] | 在馆 |